000 00479cam a2200157 4500500
005 20250928003051.0
041 _afre
042 _adc
100 1 0 _aPoutrin, Isabelle
_eauthor
700 1 0 _a Mycinski, Cyprien
_eauthor
245 0 0 _aÉglise catholique et conversion
260 _c2024.
500 _a10
786 0 _nÉtudes | Javier | 1 | 2024-12-12 | p. 81-91 | 0014-1941
856 4 1 _uhttps://shs.cairn.info/revue-etudes-2025-1-page-81?lang=fr&redirect-ssocas=7080
999 _c1510758
_d1510758